| 000 | 00981cam a2200277 a 4500 | ||
|---|---|---|---|
| 001 | 1672298 | ||
| 003 | OSt | ||
| 005 | 20230208070307.0 | ||
| 008 | 980820s1999 paua b 001 0 eng c | ||
| 010 | _a 98042214 | ||
| 020 | _a0781710413 (alk. paper) | ||
| 040 |
_aMMU _cMMU _beng _dMMU |
||
| 050 | 0 | 0 |
_aRA427.9 _b.P74 1999 |
| 060 | 1 | 0 |
_aWB 110 _bP9523 1999 |
| 082 | 0 | 0 |
_a616 _221 |
| 245 | 0 | 0 |
_aPrimary care / _c[edited by] Joanne K. Singleton ... [et al.]. |
| 260 |
_aPhiladelphia : _bLippincott, _cc1999. |
||
| 300 |
_axxiv, 922 p. : _bill. (some col.) ; _c29 cm. |
||
| 504 | _aIncludes bibliographical references and index. | ||
| 650 | 0 | _aPrimary care (Medicine) | |
| 650 | 1 | 2 | _aPrimary Health Care. |
| 700 | 1 | _aSingleton, Joanne K. | |
| 906 |
_a7 _bcbc _corignew _d1 _eocip _f19 _gy-gencatlg |
||
| 942 |
_2lcc _cLOAN LOAN |
||
| 999 |
_c16145 _d16145 |
||